[Event "31. DSenEM2019 Gruppe 65+"]
[Site "Radebeul"]
[Date "2019.05.02"]
[Round "7.24"]
[White "Postler, Reinhard"]
[Black "Schmidt, Jörg"]
[Result "1-0"]
[WhiteElo "2247"]
[BlackElo "2016"]
[PlyCount "65"]
[EventDate "2019.??.??"]
[WhiteTeam "TSG Oberschöneweide"]
[BlackTeam "Aufbau Bernburg"]

1. e4 e6 2. d4 d5 3. Nd2 dxe4 4. Nxe4 Bd7 5. Nf3 Bc6 6. Bd3 Nd7 7. O-O Ngf6 8.
Nxf6+ Qxf6 9. Be2 h6 10. c3 Bd6 11. Be3 O-O 12. Nd2 Bf4 13. Bxf4 Qxf4 14. Bf3
Bxf3 15. Nxf3 Rfd8 16. Qe2 c6 17. Rad1 Nf6 18. Rfe1 Qc7 19. Rd2 b5 20. Ne5 Rd6
21. Rd3 c5 22. dxc5 Qxc5 23. Rxd6 Qxd6 24. Qxb5 Rb8 25. Qe2 Nd5 26. g3 Rb7 27.
c4 Nb4 28. Rd1 Qb8 29. b3 a5 30. Rd2 Qe8 31. a3 Na6 32. Rd6 Nb8 33. Qd3 1-0

[Event "31. DSenEM2019 Gruppe 65+"]
[Site "Radebeul"]
[Date "2019.05.02"]
[Round "7.26"]
[White "Seidel, Arnold"]
[Black "Schulz, Michael"]
[Result "0-1"]
[WhiteElo "2018"]
[BlackElo "2183"]
[PlyCount "62"]
[EventDate "2019.??.??"]
[WhiteTeam "Kali Wolmirstedt"]
[BlackTeam "SC Zitadelle Spandau"]

1. e4 g6 2. d4 Bg7 3. Nc3 c5 4. Be3 cxd4 5. Bxd4 Nf6 6. e5 Nh5 7. g3 f6 8. exf6
Nxf6 9. Bc4 Nc6 10. Be3 Na5 11. Be2 d5 12. Bf3 e6 13. Bc5 Qc7 14. Qd4 Ne4 15.
Nb5 Qxc5 16. Qxc5 Nxc5 17. Nc7+ Kd7 18. Nxa8 Bxb2 19. Rb1 Bc3+ 20. Kd1 Rf8 21.
Rb5 Kc6 22. Rb1 b6 23. h4 Ba6 24. Nxb6 axb6 25. h5 g5 26. h6 Bc4 27. a3 b5 28.
Rh5 g4 29. Bxg4 Rxf2 30. Bh3 Bf1 31. Bg4 Nc4 0-1

[Event "31. DSenEM2019 Gruppe 65+"]
[Site "Radebeul"]
[Date "2019.05.02"]
[Round "7.27"]
[White "Partenheimer, Axel"]
[Black "Dobierzin, Olaf"]
[Result "1/2-1/2"]
[WhiteElo "2182"]
[BlackElo "1992"]
[Annotator "lenovo"]
[PlyCount "35"]
[EventDate "2019.??.??"]
[WhiteTeam "Düsseldorfer SK"]
[BlackTeam "SG Leipzig"]

1. Nf3 Nf6 2. g3 g6 3. b3 Bg7 4. Bb2 O-O 5. Bg2 c5 6. c4 Nc6 7. O-O d6 8. d4
cxd4 9. Nxd4 Bd7 10. Nc3 a6 11. Rc1 Rb8 12. e3 Re8 13. Qd2 Qa5 14. Rfd1 Nxd4
15. Qxd4 Ng4 16. Qd5 Qxd5 17. Nxd5 Ne5 18. f4 {(=)} 1/2-1/2

[Event "31. DSenEM2019 Gruppe 65+"]
[Site "Radebeul"]
[Date "2019.05.02"]
[Round "7.28"]
[White "Falk, Thomas"]
[Black "Kracht, Helmut"]
[Result "1/2-1/2"]
[WhiteElo "2135"]
[BlackElo "1989"]
[Annotator "lenovo"]
[PlyCount "38"]
[EventDate "2019.??.??"]
[WhiteTeam "SV Oberursel"]
[BlackTeam "SK Kaltenkirchen"]

1. Nf3 Nf6 2. c4 c6 3. d4 d5 4. Nbd2 Bf5 5. g3 e6 6. Bg2 Bb4 7. O-O O-O 8. Qb3
Qe7 9. Ne5 Na6 10. Ndf3 dxc4 11. Nxc4 b5 12. Nce5 Be4 13. Bg5 Rfd8 14. Rfd1 h6
15. Bxf6 Qxf6 16. a3 Bd6 17. a4 Nb4 18. Rd2 a5 19. Rc1 Rac8 {(=)} 1/2-1/2

[Event "31. DSenEM2019 Gruppe 65+"]
[Site "Radebeul"]
[Date "2019.05.02"]
[Round "7.29"]
[White "Türtmann, Dieter"]
[Black "Lenk, Wolfgang"]
[Result "1/2-1/2"]
[WhiteElo "1947"]
[BlackElo "2134"]
[PlyCount "53"]
[EventDate "2019.??.??"]
[WhiteTeam "ESV Eberswalde"]
[BlackTeam "USV TU Dresden"]

1. b3 e5 2. Bb2 d6 3. e3 Nc6 4. Be2 g6 5. c4 Bg7 6. a3 Nge7 7. d3 O-O 8. Nd2
Rb8 9. Qc2 f5 10. Ngf3 f4 11. exf4 Rxf4 12. O-O Nd4 13. Nxd4 exd4 14. Rae1 c5
15. Bc1 Nc6 16. Bf3 Ne5 17. Bd5+ Kh8 18. g3 Rf8 19. Bg2 Bf5 20. Ne4 Qd7 21. f3
b5 22. f4 Ng4 23. Kh1 bxc4 24. bxc4 Rbe8 25. Rf3 Nf6 26. Rff1 Ng4 27. Rf3
1/2-1/2

[Event "31. DSenEM2019 Gruppe 65+"]
[Site "Radebeul"]
[Date "2019.05.02"]
[Round "7.32"]
[White "Fleuch, Hans-Jürgen"]
[Black "Steingrobe, Udo"]
[Result "0-1"]
[WhiteElo "1956"]
[BlackElo "2056"]
[PlyCount "122"]
[EventDate "2019.??.??"]
[WhiteTeam "SV Urmitz"]
[BlackTeam "Schachfüchse Kempen"]

1. e4 e6 2. f4 d5 3. e5 c5 4. Nf3 Be7 5. Be2 Nc6 6. Nc3 Nh6 7. O-O O-O 8. b3 a6
9. a4 b6 10. Kh1 Nf5 11. Bd3 f6 12. Bb2 fxe5 13. fxe5 Qe8 14. Ne2 Qg6 15. Bxf5
Rxf5 16. Ng3 Rf7 17. c3 Bd7 18. d4 cxd4 19. cxd4 Nb4 20. Qd2 Nd3 21. Ba3 Bxa3
22. Rxa3 Rc8 23. Raa1 a5 24. Nh4 Rxf1+ 25. Rxf1 Qg4 26. Qxd3 Qxh4 27. h3 Be8
28. Kh2 Bg6 29. Qb5 Qd8 30. Qe2 Rc3 31. Qb2 Rc2 32. Qa3 h6 33. Rc1 Qc7 34. Rxc2
Bxc2 35. b4 Kf7 36. bxa5 bxa5 37. Qf3+ Kg8 38. Qa3 Kh7 39. Nh5 Qf7 40. Ng3 Qd7
41. Qc5 Qxa4 42. Nh5 Kg6 43. Nxg7 Qc4 44. Qe7 Qxd4 45. Qf6+ Kh7 46. Nxe6 Qa7
47. Nf8+ Kg8 48. Qxh6 Qg7 49. Qe6+ Qf7 50. Qg4+ Kxf8 51. Qc8+ Qe8 52. Qxc2
Qxe5+ 53. Kg1 d4 54. Kf2 Qf4+ 55. Ke2 Qe3+ 56. Kf1 Qf4+ 57. Kg1 Qe3+ 58. Kh2
Qc3 59. Qf5+ Ke7 60. Qe5+ Kd7 61. h4 Qc7 0-1

[Event "31. DSenEM2019 Gruppe 65+"]
[Site "Radebeul"]
[Date "2019.05.02"]
[Round "7.33"]
[White "Jacob, Barbara"]
[Black "Schulz, Wolfgang"]
[Result "0-1"]
[WhiteElo "1776"]
[BlackElo "2048"]
[PlyCount "81"]
[EventDate "2019.??.??"]
[WhiteTeam "SK Ochtrup"]
[BlackTeam "Hamburger SK"]

 1. e4 e5
2. Bc4 Nc6 3. Nf3 Nf6 4. d3 h6 5. a3 d6 6. h3 g6 7. Nc3 Bg7 8. Be3 O-O 9. Qd2
Kh7 10. O-O-O Na5 11. Ba2 c5 12. g4 Ng8 13. Nd5 b5 14. h4 Bxg4 15. Ng5+ Kh8 16.
Rdg1 Bh5 17. Rg3 c4 18. Nb4 Rc8 19. Kb1 Nc6 20. dxc4 Nxb4 21. axb4 bxc4 22. Qd5
Qc7 23. c3 Nf6 24. Qb5 hxg5 25. hxg5 Nxe4 26. Rgh3 Qc6 27. Qa5 a6 28. Rxh5+
gxh5 29. Rxh5+ Kg8 30. Kc1 d5 31. Bb1 d4 32. cxd4 exd4 33. Qf5 Qg6 34. Qg4 d3
35. f3 Ng3 36. Rh3 Ne2+ 37. Kd1 Rfe8 38. Bd2 c3 39. bxc3 Nxc3+ 40. Bxc3 Bxc3
41. f4 0-1

[Event "31. DSenEM2019 Gruppe 65+"]
[Site "Radebeul"]
[Date "2019.05.02"]
[Round "7.34"]
[White "Zunker, Reinhard"]
[Black "Grube, Kurt"]
[Result "1-0"]
[WhiteElo "2046"]
[BlackElo "1594"]
[PlyCount "85"]
[EventDate "2019.??.??"]
[WhiteTeam "SV Hofheim"]
[BlackTeam "SG Osnabrück"]

1. Nf3 Nf6 2. g3 d5 3. Bg2 g6 4. d4 Bg7 5. Ne5 O-O 6. O-O c6 7. Nc3 Ng4 8. Nf3
Nd7 9. e4 dxe4 10. Nxe4 Ndf6 11. Nc5 Nd5 12. h3 Ngf6 13. c4 Nc7 14. Be3 Ne6 15.
Nb3 Nc7 16. Ne5 Nd7 17. f4 Nxe5 18. fxe5 Be6 19. Rc1 f6 20. exf6 Bxf6 21. Nc5
Qc8 22. Kh2 Bf7 23. Qb3 Nb5 24. Qd1 Nd6 25. b3 Nf5 26. Bf2 Rd8 27. d5 cxd5 28.
cxd5 e6 29. Nxe6 Qb8 30. Nxd8 Bxd8 31. Be4 Nd6 32. Bf3 Nf5 33. Bg4 Qe5 34. Re1
Qd6 35. Bxf5 gxf5 36. Bc5 Qd7 37. d6 Bf6 38. Be3 Bd8 39. Bf4 Bg6 40. h4 h5 41.
Qd4 Kh7 42. Bg5 b6 43. Qe5 1-0

[Event "31. DSenEM2019 Gruppe 65+"]
[Site "Radebeul"]
[Date "2019.05.02"]
[Round "7.35"]
[White "Sand, Rolf"]
[Black "Gerl, Hans"]
[Result "1-0"]
[WhiteElo "2024"]
[BlackElo "1975"]
[PlyCount "138"]
[EventDate "2019.??.??"]
[WhiteTeam "SF Pfullingen"]
[BlackTeam "SGem Fürth"]

1. d4 Nf6 2. c4 e6 3. g3 c6 4. Nf3 d5 5. Bg2 Be7 6. O-O O-O 7. Qc2 Nbd7 8. Nbd2
b6 9. e4 dxe4 10. Nxe4 Bb7 11. Rd1 Nxe4 12. Qxe4 Qc7 13. Bf4 Bd6 14. Bxd6 Qxd6
15. Ne5 Nf6 16. Qe2 Rac8 17. Rac1 Rfd8 18. a3 Qe7 19. b4 g6 20. Rd2 c5 21. dxc5
Rxd2 22. Qxd2 Bxg2 23. Kxg2 bxc5 24. b5 Ne4 25. Qe3 Nd6 26. Nc6 Qf6 27. Qxc5
Nf5 28. Qe5 Qg5 29. f4 Qg4 30. Rc3 Qd1 31. a4 Qd2+ 32. Kf3 Qxh2 33. g4 Qh3+ 34.
Kf2 Qxg4 35. a5 Qh4+ 36. Kg2 Qg4+ 37. Kf2 Qh4+ 38. Kg2 Qg4+ 39. Kf2 Qd1 40. a6
Qd2+ 41. Kf1 Ng3+ 42. Rxg3 Re8 43. Qe3 Qc2 44. Qc3 Qe4 45. Rf3 f6 46. Kg2 e5
47. fxe5 fxe5 48. Qd3 Qg4+ 49. Rg3 Qf4 50. Qd5+ Kh8 51. Qf3 Qxc4 52. Qf6+ Kg8
53. Ne7+ Rxe7 54. Qxe7 Qxb5 55. Qd8+ Kg7 56. Qd3 Qc6+ 57. Kh2 h6 58. Re3 Kf6
59. Qd8+ Kf5 60. Qf8+ Ke6 61. Qg8+ Kf5 62. Qf7+ Kg5 63. Rg3+ Kh5 64. Qf3+ Qxf3
65. Rxf3 Kg4 66. Rb3 e4 67. Rb7 e3 68. Rxa7 Kf3 69. Re7 g5 1-0

[Event "31. DSenEM2019 Gruppe 65+"]
[Site "Radebeul"]
[Date "2019.05.02"]
[Round "7.37"]
[White "Hassenrück, Helmut"]
[Black "Blosze, Winfried"]
[Result "1-0"]
[WhiteElo "2199"]
[BlackElo "1914"]
[PlyCount "83"]
[EventDate "2019.??.??"]
[WhiteTeam "SG-Gladbeck"]
[BlackTeam "SV Großauheim"]

1. d4 Nf6 2. Nf3 d5 3. c4 c6 4. Nc3 e6 5. e3 Bd6 6. Bd3 dxc4 7. Bxc4 Nbd7 8. e4
Bc7 9. O-O h6 10. Qe2 O-O 11. Rd1 Re8 12. a4 a6 13. b3 Ba5 14. Bb2 Nd5 15. Qc2
Nf4 16. e5 b5 17. Bf1 Bb7 18. Ne4 Bc7 19. Nc5 Nxc5 20. dxc5 Qe7 21. Qe4 Ng6 22.
Rac1 Rad8 23. Rxd8 Bxd8 24. axb5 cxb5 25. c6 Ba8 26. Ra1 Qc5 27. Rxa6 Bb6 28.
Bd4 Bxc6 29. Bxc5 Bxe4 30. Rxb6 Ra8 31. Nd2 Bd5 32. Rxb5 Ra1 33. Nc4 Nf4 34. f3
Rb1 35. Kf2 Rc1 36. g3 Ng6 37. Rb8+ Kh7 38. Bd3 Rh1 39. h4 h5 40. Nd6 f5 41.
exf6 gxf6 42. Rc8 1-0

[Event "31. DSenEM2019 Gruppe 65+"]
[Site "Radebeul"]
[Date "2019.05.02"]
[Round "7.38"]
[White "Nosek, Reinhard"]
[Black "Krüger, Erich"]
[Result "0-1"]
[WhiteElo "1913"]
[BlackElo "2113"]
[PlyCount "113"]
[EventDate "2019.??.??"]
[WhiteTeam "SF Torgau"]
[BlackTeam "SF Essen-Katernberg"]

1. d4 Nf6 2. Bf4 g6 3. Nd2 Bg7 4. e4 d6 5. Ngf3 Nh5 6. Bg5 h6 7. Be3 O-O 8. Bc4
Nd7 9. c3 e5 10. Qb3 Nb6 11. Rd1 Bd7 12. Qc2 Nxc4 13. Nxc4 Nf4 14. Bxf4 exf4
15. O-O g5 16. Qe2 g4 17. Ne1 Qg5 18. g3 Rae8 19. Nd2 f3 20. Qe3 Qh5 21. Nd3 f5
22. Nf4 Qf7 23. Qd3 fxe4 24. Qc4 Qxc4 25. Nxc4 Bb5 26. b3 e3 27. fxe3 Bxc4 28.
bxc4 Rxe3 29. Nd5 Re2 30. Nxc7 Rc8 31. Nb5 Rxc4 32. Rf2 a6 33. Nxd6 Rxc3 34.
Nf5 Rcc2 35. Rxe2 fxe2 36. Re1 Bf8 37. Kf2 Rxa2 38. Rxe2 Rxe2+ 39. Kxe2 Kf7 40.
Ne3 h5 41. Kd3 Ke6 42. Ke4 b5 43. Nf5 Bd6 44. Ne3 a5 45. d5+ Kf6 46. Nf5 Be5
47. d6 Ke6 48. Ng7+ Kxd6 49. Nxh5 a4 50. Kd3 Kc5 51. Nf4 Bd6 52. h4 gxh3 53.
Nxh3 Kd5 54. g4 Be5 55. Kc2 b4 56. Ng1 b3+ 57. Kb1 0-1

[Event "31. DSenEM2019 Gruppe 65+"]
[Site "Radebeul"]
[Date "2019.05.02"]
[Round "7.39"]
[White "Gebuhr, Günter"]
[Black "Bogorad, Michail"]
[Result "1-0"]
[WhiteElo "1883"]
[BlackElo "2104"]
[Annotator "lenovo"]
[PlyCount "119"]
[EventDate "2019.??.??"]
[WhiteTeam "SSV Weimar"]
[BlackTeam "Bahn-SC Wuppertal"]

 1. e4 c5 2. Nf3 Nc6
3. d4 cxd4 4. Nxd4 g6 5. Nc3 Bg7 6. Be3 Nf6 7. Bc4 O-O 8. Bb3 d6 9. f3 Nd7 10.
Qd2 Qa5 11. O-O-O Nc5 12. Kb1 Nxb3 13. Nxb3 Bxc3 14. Nxa5 Bxd2 15. Bxd2 Be6 16.
h4 h5 17. Rhg1 Ne5 18. Nxb7 a5 19. Nxa5 Bxa2+ 20. Kxa2 Nc4 21. b4 Rfb8 22. Bc3
Ne3 23. Rd2 Nc4 24. Rd4 Ne3 25. Rd2 Nc4 26. Re2 f6 27. g4 hxg4 28. Rxg4 Kf7 29.
e5 Nxa5 30. e6+ Kg7 31. bxa5 Kh7 32. Reg2 Rg8 33. f4 Rac8 34. Bd4 Rc4 35. f5
Ra4+ 36. Kb3 Rxa5 37. fxg6+ Kg7 38. c3 Rb8+ 39. Kc4 Rb1 40. Rf2 Rh5 41. Rg5 Rh6
42. h5 Re1 43. Kd5 Ra1 44. Rgf5 Rh8 45. Rb2 Ra5+ 46. Ke4 Rxf5 47. Kxf5 Rxh5+
48. Ke4 Kxg6 49. Rb7 Rh4+ 50. Kd5 Rh7 51. Rb8 Kf5 52. Rb7 Kg6 53. Kc6 Kf5 54.
Kd7 Ke4 55. Rc7 Rh6 56. Kxe7 f5 57. Kxd6 f4 58. Kd7 Kf5 59. Rc5+ Ke4 60. Re5+
1-0

[Event "31. DSenEM2019 Gruppe 65+"]
[Site "Radebeul"]
[Date "2019.05.02"]
[Round "7.40"]
[White "Meier, Wolfgang"]
[Black "Fleischer, Martin"]
[Result "1-0"]
[WhiteElo "2092"]
[BlackElo "1881"]
[PlyCount "99"]
[EventDate "2019.??.??"]
[WhiteTeam "SSV Altenberg"]
[BlackTeam "SV Einheit Schwerin"]

1. c4 Nf6 2. Nc3 e6 3. Nf3 d6 4. d4 a6 5. e4 d5 6. e5 Ng8 7. Be3 Ne7 8. c5 Nf5
9. Bd3 Nh4 10. Nxh4 Qxh4 11. O-O g6 12. Qd2 Qd8 13. Bg5 Be7 14. Bh6 Bf8 15.
Bxf8 Kxf8 16. Qh6+ Kg8 17. Ne2 Qf8 18. Qh4 Nc6 19. a3 Qe7 20. Qg3 Kf8 21. f4
Rg8 22. Qe3 Rg7 23. Rf3 f5 24. exf6 Qxf6 25. b4 Bd7 26. Rd1 Kg8 27. Bc2 Ne7 28.
Qf2 Nf5 29. Bxf5 exf5 30. Re3 Re7 31. Re5 c6 32. Re1 Rxe5 33. dxe5 Qe7 34. Nd4
Be6 35. Re3 a5 36. Qb2 axb4 37. axb4 Bc8 38. Ra3 Rb8 39. Ra7 Qe8 40. Qc3 Bd7
41. Qa3 h5 42. h4 Be6 43. Qa5 Qc8 44. Qb6 Bd7 45. b5 Kh7 46. bxc6 bxc6 47.
Rxd7+ Kh6 48. Qxc6 Rb1+ 49. Kh2 Qf8 50. Qd6 1-0

[Event "31. DSenEM2019 Gruppe 65+"]
[Site "Radebeul"]
[Date "2019.05.02"]
[Round "7.41"]
[White "Leisen, Peter"]
[Black "Bodach, Hans"]
[Result "0-1"]
[WhiteElo "1872"]
[BlackElo "2078"]
[PlyCount "96"]
[EventDate "2019.??.??"]
[WhiteTeam "SV Bönen"]
[BlackTeam "SV Dresden-Leuben"]

1. d4 Nf6 2. Nf3 e6 3. g3 b6 4. Bg2 Bb7 5. O-O c5 6. c4 cxd4 7. Nxd4 Bxg2 8.
Kxg2 d5 9. Qa4+ Qd7 10. Qxd7+ Nbxd7 11. cxd5 Nxd5 12. e4 Nc7 13. Nc3 Be7 14.
Ncb5 Nxb5 15. Nxb5 O-O 16. Be3 Rfc8 17. Rac1 Nc5 18. Bxc5 Bxc5 19. Rfd1 a6 20.
Nc3 b5 21. a3 Kf8 22. Rd7 Ke8 23. Rcd1 Rd8 24. Rxd8+ Rxd8 25. Rxd8+ Kxd8 26. f4
Bd4 27. Nd1 Kd7 28. Kf3 f5 29. exf5 exf5 30. h3 Kc6 31. Ke2 b4 32. axb4 Kb5 33.
Kd3 Bf6 34. Ne3 Kxb4 35. Nd5+ Kb3 36. Nxf6 gxf6 37. Kd4 Kxb2 38. Kd5 a5 39. Ke6
a4 40. Kxf5 a3 41. Kxf6 a2 42. Kg7 a1=Q 43. Kxh7 Qf1 44. Kg6 Qxh3 45. f5 Qxg3+
46. Kf7 Qc7+ 47. Kg6 Qe7 48. f6 Qf8 0-1

[Event "31. DSenEM2019 Gruppe 65+"]
[Site "Radebeul"]
[Date "2019.05.02"]
[Round "7.42"]
[White "Pundt, Wilfried"]
[Black "Staub, Gerhard"]
[Result "1-0"]
[WhiteElo "1861"]
[BlackElo "2010"]
[PlyCount "43"]
[EventDate "2019.??.??"]
[WhiteTeam "SK Bremen-Nord"]
[BlackTeam "SV Schwaikheim"]

1. e4 c5 2. b4 cxb4 3. a3 e5 4. Nf3 Nc6 5. Bc4 Nf6 6. Ng5 d5 7. exd5 Na5 8.
Bb5+ Nd7 9. d4 a6 10. Bxd7+ Bxd7 11. O-O Be7 12. Ne4 f5 13. Nc5 exd4 14. axb4
Nc4 15. Qxd4 Bf6 16. Qxc4 Bxa1 17. Re1+ Kf8 18. c3 b6 19. Bg5 Qxg5 20. Nxd7+
Kf7 21. Ne5+ Kf8 22. d6 1-0

[Event "31. DSenEM2019 Gruppe 65+"]
[Site "Radebeul"]
[Date "2019.05.02"]
[Round "7.43"]
[White "Kahn, Peter"]
[Black "Görden, Hans-Jürgen"]
[Result "1-0"]
[WhiteElo "1994"]
[BlackElo "1863"]
[PlyCount "89"]
[EventDate "2019.??.??"]
[WhiteTeam "Siebenlehner SV"]
[BlackTeam "SV Lok Dresden"]

1. d4 d5 2. Nf3 Nf6 3. e3 e6 4. Bd3 c5 5. c3 Nc6 6. Nbd2 cxd4 7. exd4 Bd6 8.
O-O O-O 9. Re1 Qc7 10. Qe2 a6 11. Ne5 Ne7 12. Ndf3 Ng6 13. Bg5 b5 14. Nxg6 hxg6
15. Ne5 Ne4 16. Bh4 Bxe5 17. dxe5 Bb7 18. f3 Nc5 19. Bc2 Rac8 20. Rad1 Na4 21.
Bb1 Nb6 22. Rd4 Nc4 23. Bg3 a5 24. h4 b4 25. cxb4 axb4 26. h5 gxh5 27. f4 g6
28. f5 exf5 29. Bxf5 Rce8 30. Bd3 Rc8 31. b3 Nb6 32. Bf2 Qe7 33. Qd2 Rc3 34.
Qh6 Nd7 35. e6 Nf6 36. exf7+ Qxf7 37. Bxg6 Qg7 38. Qxg7+ Kxg7 39. Rxb4 Kxg6 40.
Rxb7 Rd3 41. a4 Ne4 42. Be3 d4 43. Bc1 Nc5 44. Rb6+ Kh7 45. Ba3 1-0

[Event "31. DSenEM2019 Gruppe 65+"]
[Site "Radebeul"]
[Date "2019.05.02"]
[Round "7.44"]
[White "Kempe, Rainer"]
[Black "Schubert, Joachim"]
[Result "0-1"]
[WhiteElo "1991"]
[BlackElo "1863"]
[PlyCount "76"]
[EventDate "2019.??.??"]
[WhiteTeam "SV Lok Dresden"]
[BlackTeam "SC Friesen Lichtenberg"]

1. e4 c5 2. Nf3 Nc6 3. d4 cxd4 4. Nxd4 Nf6 5. Nc3 d6 6. Be2 e6 7. Be3 a6 8. O-O
Be7 9. f4 Qc7 10. Nxc6 bxc6 11. g4 Rb8 12. g5 Nd7 13. b3 Qa5 14. Na4 d5 15.
exd5 cxd5 16. Qd4 f6 17. c4 Bb7 18. Rad1 O-O 19. Bf3 fxg5 20. fxg5 Rf5 21. Bg4
Re5 22. cxd5 Bxd5 23. Bf4 Rb4 24. Qc3 Rxa4 25. Qc8+ Nf8 26. Rxd5 Qxd5 27. h3
Bc5+ 28. Kh2 Rxa2+ 29. Kg3 Rg2+ 30. Kh4 Rxg4+ 31. hxg4 Re4 32. Bc1 Be7 33. Qe8
Qd6 34. Qf7+ Kh8 35. Bf4 Bxg5+ 36. Kg3 Qd3+ 37. Rf3 Qxf3+ 38. Kxf3 Rxf4+ 0-1

[Event "31. DSenEM2019 Gruppe 65+"]
[Site "Radebeul"]
[Date "2019.05.02"]
[Round "7.45"]
[White "Hadlich, Winfried"]
[Black "Orlova, Liubov"]
[Result "1-0"]
[WhiteElo "1854"]
[BlackElo "1988"]
[PlyCount "120"]
[EventDate "2019.??.??"]
[WhiteTeam "SV Holstein Quickborn"]
[BlackTeam "TSV IFA Chemnitz"]

1. d4 Nf6 2. Bf4 b6 3. e3 Bb7 4. h3 e6 5. Nf3 c5 6. c3 Be7 7. Bd3 d6 8. Nbd2
Nbd7 9. O-O O-O 10. Qc2 Rc8 11. Rfe1 h6 12. Bg3 cxd4 13. exd4 Nd5 14. Qd1 N5f6
15. Qe2 Re8 16. Ba6 Qc7 17. Bxb7 Qxb7 18. Nc4 Qc6 19. Ne3 b5 20. Rac1 Nb6 21.
b3 Ne4 22. c4 Nxg3 23. fxg3 bxc4 24. Nxc4 Nxc4 25. Rxc4 Qb6 26. Rec1 Rxc4 27.
Rxc4 Bf6 28. Kh2 Qb8 29. Qc2 g6 30. Rc6 d5 31. Rc7 h5 32. h4 Qb6 33. Rc6 Qa5
34. Rc7 Rb8 35. Rc5 Qb4 36. Rc7 Rb7 37. Rc8+ Kg7 38. Qc6 Qe7 39. Qc2 Rd7 40.
Qc6 Rb7 41. Qc1 e5 42. dxe5 Bxe5 43. Nxe5 Qxe5 44. Qc5 Rd7 45. Qf8+ Kf6 46. Re8
Re7 47. Rd8 Ke6 48. Rc8 Kf5 49. Rc2 Rc7 50. Rf2+ Ke6 51. Qe8+ Kd6 52. Qd8+ Rd7
53. Rf6+ Kc5 54. Qa5+ Kd4 55. Rf4+ Kd3 56. Qb5+ Kc2 57. Qxd7 f6 58. Qxa7 g5 59.
Qf2+ Kc3 60. Qc5+ Kb2 1-0

[Event "31. DSenEM2019 Gruppe 65+"]
[Site "Radebeul"]
[Date "2019.05.02"]
[Round "7.47"]
[White "Just, Joachim"]
[Black "Lekakh, Mikhail"]
[Result "1-0"]
[WhiteElo "1970"]
[BlackElo "1841"]
[PlyCount "121"]
[EventDate "2019.??.??"]
[WhiteTeam "Motor Zeitz"]
[BlackTeam "Oberbilker SV"]

1. Nf3 Nf6 2. g3 b6 3. Bg2 Bb7 4. O-O c5 5. c4 g6 6. b3 Bg7 7. Bb2 O-O 8. d3 d6
9. a3 Nc6 10. Ra2 Qd7 11. Nbd2 Ne8 12. e3 Bxb2 13. Rxb2 e5 14. b4 Qe7 15. Ne4
Rb8 16. Nc3 Nc7 17. Nd5 Nxd5 18. cxd5 Nd8 19. Qb3 f5 20. Nd2 Rc8 21. Rc1 cxb4
22. Rxc8 Bxc8 23. axb4 Ba6 24. b5 Bc8 25. Ra2 Qc7 26. Qc4 Rf7 27. Rc2 Qxc4 28.
Rxc4 Bd7 29. Rb4 Re7 30. Bf1 Nf7 31. d4 e4 32. h4 Be8 33. Be2 Kf8 34. g4 Rc7
35. gxf5 gxf5 36. Rb2 Ke7 37. Kh2 Nh6 38. f3 exf3 39. Bxf3 Ng4+ 40. Bxg4 fxg4
41. Kg3 h5 42. Kf4 Bf7 43. e4 Be8 44. Nf1 Rc4 45. Ne3 Rc1 46. Ra2 Rc7 47. Nf5+
Kd7 48. e5 dxe5+ 49. dxe5 Kd8 50. Nd6 Rg7 51. Ra3 Bg6 52. Rc3 Rc7 53. Ra3 Rg7
54. e6 Be8 55. Nf5 Rc7 56. Nd4 Rg7 57. d6 g3 58. Rxg3 Rxg3 59. Kxg3 Kc8 60. Kf4
Kb7 61. Ke5 1-0

[Event "31. DSenEM2019 Gruppe 65+"]
[Site "Radebeul"]
[Date "2019.05.02"]
[Round "7.48"]
[White "Kanibalotska, Elisabeth"]
[Black "Zimmermann, Manfred"]
[Result "1-0"]
[WhiteElo "1794"]
[BlackElo "1968"]
[PlyCount "162"]
[EventDate "2019.??.??"]
[WhiteTeam "SV Lok Dresden"]
[BlackTeam "Kieler SG"]

 1. d4 d5 2. Nf3 Nf6 3. Bf4 e6 4. e3 Bd6 5. Bxd6 Qxd6 6.
c3 Nbd7 7. Nbd2 b6 8. Be2 Bb7 9. Qc2 c5 10. Bb5 Bc6 11. Bxc6 Qxc6 12. O-O O-O
13. Rfe1 Ne4 14. Nxe4 dxe4 15. Nd2 f5 16. Rac1 Rac8 17. Qd1 b5 18. f3 Nf6 19.
fxe4 fxe4 20. Nb3 c4 21. Nc5 Rce8 22. Qe2 Qd5 23. Rf1 Qg5 24. Rf4 e5 25. Nxe4
Nxe4 26. Rxe4 Rf5 27. Qg4 Qf6 28. dxe5 Rfxe5 29. Rxe5 Qxe5 30. Re1 h6 31. Qd4
Qb8 32. Qd1 Kh8 33. Re2 Qc7 34. Qd4 Qe7 35. Qf4 Rf8 36. Qg3 Qe4 37. Qe1 Re8 38.
h3 a6 39. Kh2 Re6 40. Qd1 Qe5+ 41. Kh1 Qe4 42. Kh2 Qe5+ 43. g3 Rg6 44. Qe1 Qe4
45. Qf2 Rf6 46. Qg2 Qe5 47. a3 h5 48. h4 Rg6 49. Qf3 Rf6 50. Qg2 Kh7 51. Re1
Rg6 52. e4 Rg4 53. Kh3 g5 54. Qf3 Qe6 55. Qf5+ Qg6 56. hxg5 Rxg5 57. Qxg6+ Kxg6
58. e5 Kf7 59. Re4 Ke6 60. Kh4 Rf5 61. Re2 a5 62. Kh3 Rg5 63. Re3 Rg4 64. Re2
Rg5 65. Re4 Rf5 66. Kg2 Rg5 67. Kf3 Rf5+ 68. Ke2 Rg5 69. Kf2 Rf5+ 70. Kg2 Rg5
71. Kh3 Rf5 72. Re2 Rg5 73. Kh4 Rg4+ 74. Kh3 Rg5 75. Kh4 Rf5 76. Re4 Kd5 77.
Re2 Rxe5 78. Rxe5+ Kxe5 79. Kg5 Kd5 80. b4 axb4 81. axb4 Ke4 1-0

[Event "31. DSenEM2019 Gruppe 65+"]
[Site "Radebeul"]
[Date "2019.05.02"]
[Round "7.49"]
[White "Bieberle, Gerhart"]
[Black "Andrienko, Anatoliy"]
[Result "1-0"]
[WhiteElo "1941"]
[BlackElo "1828"]
[PlyCount "106"]
[EventDate "2019.??.??"]
[WhiteTeam "PTSV Aachen"]
[BlackTeam "SF Köln-Longerich"]

1. d4 Nf6 2. c4 g6 3. Nc3 Bg7 4. e4 d6 5. Bd3 O-O 6. Nge2 Nbd7 7. O-O a6 8. a4
a5 9. h3 c6 10. Be3 Qc7 11. f4 e5 12. fxe5 dxe5 13. d5 cxd5 14. cxd5 b6 15. Nb5
Qd8 16. Rc1 Ba6 17. Qb3 Nh5 18. Rc2 Qh4 19. Kh2 Ndf6 20. Bf2 Ng4+ 21. Kg1 Nxf2
22. Rxf2 Nf4 23. Nxf4 exf4 24. Rf3 Bxb5 25. axb5 Bd4+ 26. Kf1 Be3 27. Be2 Rac8
28. Rc6 g5 29. Rxe3 fxe3 30. Qxe3 Rfe8 31. Bd3 f5 32. d6 fxe4 33. Bc4+ Kf8 34.
d7 Rcd8 35. dxe8=Q+ Rxe8 36. Qf2+ Qxf2+ 37. Kxf2 e3+ 38. Ke2 Re4 39. Bd3 Rb4
40. Rc2 h5 41. Kxe3 Kg7 42. Kd2 h4 43. Kc3 Rf4 44. Be2 Kf6 45. Bf3 Ke5 46. Rd2
Rxf3+ 47. gxf3 Kf4 48. Rd3 Kg3 49. Kc4 Kxh3 50. f4+ Kg4 51. fxg5 Kxg5 52. Kd5
Kg4 53. Kc6 h3 1-0

[Event "31. DSenEM2019 Gruppe 65+"]
[Site "Radebeul"]
[Date "2019.05.02"]
[Round "7.50"]
[White "Meißner, Werner"]
[Black "Fleischer, Matthias"]
[Result "1/2-1/2"]
[WhiteElo "1665"]
[BlackElo "1923"]
[PlyCount "97"]
[EventDate "2019.??.??"]
[WhiteTeam "SV TuR Dresden"]
[BlackTeam "SV Einheit Schwerin"]

1. e4 e6 2. d4 Nf6 3. Bd3 d5 4. e5 Nfd7 5. c3 c5 6. Ne2 Nc6 7. a3 Qb6 8. b4
cxd4 9. cxd4 a6 10. Be3 g6 11. Nbc3 Bg7 12. Qd2 Ne7 13. Rc1 Qd8 14. Bh6 O-O 15.
h4 Kh8 16. h5 Bxh6 17. Qxh6 Ng8 18. Qe3 g5 19. h6 f5 20. Bb1 Nb6 21. Nd1 Bd7
22. Nb2 Bb5 23. Ba2 Qe7 24. Nc3 Rac8 25. Nxb5 axb5 26. Rc5 Rxc5 27. bxc5 Nc4
28. Qb3 Qd7 29. a4 Nxb2 30. Qxb2 bxa4 31. Qb4 Rb8 32. Ke2 Rc8 33. Rb1 Rc7 34.
Qa5 Nxh6 35. Rb6 f4 36. Rd6 Qc8 37. Qxa4 Nf7 38. Rb6 Nxe5 39. dxe5 Rxc5 40. Bb3
Rc3 41. Qb4 f3+ 42. gxf3 Rc7 43. Qg4 Rc6 44. Rb4 h6 45. f4 Qc7 46. Qh5 Kg7 47.
Kf1 Rb6 48. Rxb6 Qxb6 49. fxg5 1/2-1/2

[Event "31. DSenEM2019 Gruppe 65+"]
[Site "Radebeul"]
[Date "2019.05.02"]
[Round "7.51"]
[White "Raitza, Egon"]
[Black "Molzahn, Norbert"]
[Result "0-1"]
[WhiteElo "1704"]
[BlackElo "2068"]
[PlyCount "74"]
[EventDate "2019.??.??"]
[WhiteTeam "SSC Rostock"]
[BlackTeam "SV Motor Hainichen"]

1. d4 Nf6 2. c4 e6 3. Nc3 Bb4 4. e3 O-O 5. Bd3 d5 6. Nge2 c5 7. a3 Bxc3+ 8.
bxc3 b6 9. cxd5 exd5 10. O-O Nc6 11. c4 dxc4 12. Bxc4 cxd4 13. Nxd4 Ne5 14. Be2
Bb7 15. f3 Nd5 16. Bd2 Rc8 17. Rc1 Qf6 18. f4 Ng6 19. Bf3 Nh4 20. Qe2 Rce8 21.
Bxd5 Bxd5 22. g3 Qxd4 23. gxh4 Qe4 24. Qg4 Qh1+ 25. Kf2 Qxh2+ 26. Ke1 f5 27.
Qg5 h6 28. Qg1 Qxh4+ 29. Qf2 Qe7 30. Rg1 Qxa3 31. Qg3 Rf7 32. Kf2 Qa2 33. Ke1
Rfe7 34. Qh3 Kh8 35. Qxf5 Rxe3+ 36. Bxe3 Rxe3+ 37. Kf1 Qe2# 0-1